<?xml version="1.0" encoding="UTF-8"?>
<collection xmlns="http://www.loc.gov/MARC21/slim">
<record>
  <controlfield tag="001">131348</controlfield>
  <controlfield tag="005">20241125101153.0</controlfield>
  <datafield tag="024" ind1="7" ind2=" ">
    <subfield code="2">doi</subfield>
    <subfield code="a">10.3989/tp.2023.12341</subfield>
  </datafield>
  <datafield tag="024" ind1="8" ind2=" ">
    <subfield code="2">sideral</subfield>
    <subfield code="a">136810</subfield>
  </datafield>
  <datafield tag="037" ind1=" " ind2=" ">
    <subfield code="a">ART-2023-136810</subfield>
  </datafield>
  <datafield tag="041" ind1=" " ind2=" ">
    <subfield code="a">spa</subfield>
  </datafield>
  <datafield tag="100" ind1=" " ind2=" ">
    <subfield code="a">Bea Martínez, Manuel</subfield>
    <subfield code="u">Universidad de Zaragoza</subfield>
    <subfield code="0">(orcid)0000-0002-2841-3347</subfield>
  </datafield>
  <datafield tag="245" ind1=" " ind2=" ">
    <subfield code="a">Más que un gran arquero. Novedades en el sector septentrional del arte rupestre levantino de la península ibérica</subfield>
  </datafield>
  <datafield tag="260" ind1=" " ind2=" ">
    <subfield code="c">2023</subfield>
  </datafield>
  <datafield tag="506" ind1="0" ind2=" ">
    <subfield code="a">Access copy available to the general public</subfield>
    <subfield code="f">Unrestricted</subfield>
  </datafield>
  <datafield tag="520" ind1="3" ind2=" ">
    <subfield code="a">Los descubrimientos de nuevos conjuntos levantinos suelen reforzar los criterios de definición temática, estilística y de distribución vigentes para este ciclo artístico. Sin embargo, el abrigo de Estrecho del Regallo I (Valmuel-Alcañiz, Teruel) aporta singularidades en varios de esos puntos. Significativo es el nuevo patrón de localización de las pinturas, en techos y, en uno de los casos, en el interior del abrigo sin posibilidad de visualizarse desde el exterior. Esta particularidad ha determinado la buena conservación de algunos de los motivos, entre los que destaca un arquero de notables dimensiones y con una serie de atributos estilísticos y detalles que le hacen aparecer como uno de los más destacados del programa artístico levantino.</subfield>
  </datafield>
  <datafield tag="536" ind1=" " ind2=" ">
    <subfield code="9">info:eu-repo/grantAgreement/ES/AEI/PID2020-116598GB-I00</subfield>
  </datafield>
  <datafield tag="540" ind1=" " ind2=" ">
    <subfield code="9">info:eu-repo/semantics/openAccess</subfield>
    <subfield code="a">by</subfield>
    <subfield code="u">http://creativecommons.org/licenses/by/3.0/es/</subfield>
  </datafield>
  <datafield tag="590" ind1=" " ind2=" ">
    <subfield code="a">1.3</subfield>
    <subfield code="b">2023</subfield>
  </datafield>
  <datafield tag="591" ind1=" " ind2=" ">
    <subfield code="a">ANTHROPOLOGY</subfield>
    <subfield code="b">47 / 139 = 0.338</subfield>
    <subfield code="c">2023</subfield>
    <subfield code="d">Q2</subfield>
    <subfield code="e">T2</subfield>
  </datafield>
  <datafield tag="592" ind1=" " ind2=" ">
    <subfield code="a">0.696</subfield>
    <subfield code="b">2023</subfield>
  </datafield>
  <datafield tag="593" ind1=" " ind2=" ">
    <subfield code="a">Archeology (arts and humanities)</subfield>
    <subfield code="c">2023</subfield>
    <subfield code="d">Q1</subfield>
  </datafield>
  <datafield tag="593" ind1=" " ind2=" ">
    <subfield code="a">Archeology</subfield>
    <subfield code="c">2023</subfield>
    <subfield code="d">Q1</subfield>
  </datafield>
  <datafield tag="594" ind1=" " ind2=" ">
    <subfield code="a">2.0</subfield>
    <subfield code="b">2023</subfield>
  </datafield>
  <datafield tag="655" ind1=" " ind2="4">
    <subfield code="a">info:eu-repo/semantics/article</subfield>
    <subfield code="v">info:eu-repo/semantics/publishedVersion</subfield>
  </datafield>
  <datafield tag="700" ind1=" " ind2=" ">
    <subfield code="a">Benavente, José Antonio</subfield>
  </datafield>
  <datafield tag="700" ind1=" " ind2=" ">
    <subfield code="a">Villanueva, Jesús Carlos</subfield>
  </datafield>
  <datafield tag="700" ind1=" " ind2=" ">
    <subfield code="a">Angás, Jorge</subfield>
    <subfield code="0">(orcid)0000-0003-3854-2158</subfield>
  </datafield>
  <datafield tag="710" ind1="2" ind2=" ">
    <subfield code="1">3000</subfield>
    <subfield code="2">695</subfield>
    <subfield code="a">Universidad de Zaragoza</subfield>
    <subfield code="b">Dpto. Ciencias de la Antigüed.</subfield>
    <subfield code="c">Área Prehistoria</subfield>
  </datafield>
  <datafield tag="773" ind1=" " ind2=" ">
    <subfield code="g">80, 2 (2023), e27</subfield>
    <subfield code="p">Trab. prehist.</subfield>
    <subfield code="t">Trabajos de Prehistoria</subfield>
    <subfield code="x">0082-5638</subfield>
  </datafield>
  <datafield tag="856" ind1="4" ind2=" ">
    <subfield code="s">1619187</subfield>
    <subfield code="u">http://zaguan.unizar.es/record/131348/files/texto_completo.pdf</subfield>
    <subfield code="y">Versión publicada</subfield>
  </datafield>
  <datafield tag="856" ind1="4" ind2=" ">
    <subfield code="s">1818537</subfield>
    <subfield code="u">http://zaguan.unizar.es/record/131348/files/texto_completo.jpg?subformat=icon</subfield>
    <subfield code="x">icon</subfield>
    <subfield code="y">Versión publicada</subfield>
  </datafield>
  <datafield tag="909" ind1="C" ind2="O">
    <subfield code="o">oai:zaguan.unizar.es:131348</subfield>
    <subfield code="p">articulos</subfield>
    <subfield code="p">driver</subfield>
  </datafield>
  <datafield tag="951" ind1=" " ind2=" ">
    <subfield code="a">2024-11-22-12:07:55</subfield>
  </datafield>
  <datafield tag="980" ind1=" " ind2=" ">
    <subfield code="a">ARTICLE</subfield>
  </datafield>
</record>
</collection>